Les 25 villes les plus sales du monde - Statistiques

Statistiques générales
  • Ce quiz a été pris 91 fois
  • Le résultat moyen est 12 sur 24
Statistiques - réponses
Hint Réponse % Correct
Inde New-Delhi
88%
Mexique Mexico
81%
Russie Moscou
79%
Inde Mumbai
79%
Irak Baghdad
68%
Congo Brazzaville
65%
Haïti Port au Prince
64%
Madagascar Antananarivo,
60%
Éthiopie Addis Abeba
58%
Mali Bamako
56%
Tchad Ndjamena,
49%
Togo Lome
48%
Burkina Faso Ouagadougou
48%
Angola Luanda
46%
Niger Niamey,
45%
Mauritanie Nouakchott
44%
Guinée Conakry
43%
Tanzanie Dares Salaam
37%
Azerbaidjan Baku
35%
RCA Bangui
25%
Bangladesh Dhaka
24%
Kazakhstan Almaty
20%
Congo Pointe Noire,
11%
Nigeria Port Harcourt,
5%
Aucun quiz correspondant
Distribution des résultats
% des personnes avec chaque résultat
Percentile par nombre de réponses
Votre historique - résultats
Vous n’avez pas pris ce quiz